Lanean...
Mathematical analysis /
| Beste egile batzuk: | |
|---|---|
| Formatua: | Printed Book |
| Hizkuntza: | English |
| Argitaratua: |
New Delhi:
Pearl,
2007.
|
| Gaiak: |
| LEADER | 00540cam a2200193ua 4500 | ||
|---|---|---|---|
| 008 | 090511t2007||||||||||| 00 ||eng c | ||
| 020 | |a 81-89979-17-1 | ||
| 041 | 0 | |a eng | |
| 082 | |a 518 |b KUM | ||
| 245 | 0 | 0 | |a Mathematical analysis / |
| 260 | |a New Delhi: |b Pearl, |c 2007. | ||
| 300 | |a 280p.. | ||
| 362 | 1 | |a 2007. | |
| 365 | |a Rs.835/- |e hb | ||
| 650 | 0 | |a Mathematics | |
| 700 | 0 | 2 | |a A.Kumar, |
| 942 | |c BK | ||
| 999 | |c 20888 |d 20888 | ||
| 952 | |0 0 |1 0 |4 0 |6 518_000000000000000_KU |7 0 |9 22047 |a KUCL |b KUCL |d 2014-05-23 |l 0 |o 518 KU |p 21214 |r 2014-05-23 |w 2014-05-23 |y BK | ||